Cincinnati Trivia Quiz Stats

 Plays Quiz not verified by Sporcle

Challenge
Share
Tweet
Embed
Score 0/25 Timer 10:00
0 Plays Today
Question Answer % Correct
Name the two professional sports teamsBengals, Reds
94.9%
Name their two stadiumsGreat American and Paul Brown
79.6%
What river runs below Cincinnati?Ohio River
73.5%
What famous chili restaurant is located in Cincinnati?Skyline
71.2%
Cincinnati is known for starting this professional sportBaseball
70.2%
The Cincinnati Reds have won the world series how many times5
70%
The Cincinnati Bengals have won the Superbowl how many times0
69.2%
What county in Cincinnati located in?Hamilton
66.9%
Cincinnati is the _____ largest city in Ohio3rd
66.7%
What is Cincinnati's nickname?The Queen City
64.9%
Who is the largest employer in Cincinnati?University of Cincinnati
62.9%
Name of Cincinnati's newspaperThe Cincinnati Enquirer
62.4%
What is the largest cell phone company in CincinnatiCincinnati Bell
61.2%
Question Answer % Correct
What is Cincinnati's largest marathonFlying Pig
61.2%
What famous ice cream headquarters is located in Cincinnati?Graeter's
60.8%
Name the two main universities University of Cincinnati, Xavier University
54.7%
What famous astronaut taught at the University of CincinnatiNeil Armstrong
53.9%
Who was Cincinnati named after?Cincinnatus
53.1%
Name Cincinnati's largest talk radio station?700 WLW
51.8%
Who is the Mayor of CincinnatiMark Mallory
41.8%
What famous movie was filmed in Cincinnati?Rain Man
39.8%
What famous filmmaker is from Cincinnati?Steven Spielberg
34.5%
Cincinnati was founded in what year?1788
32.4%
Name the two largest Fortune 500 companiesProcter & Gamble, Kroger
14.3%
CIncinnati is home to what professional tennis tournament each yearWestern & Southern Masters
7.3%

You're not logged in!

Compare scores with friends on all Sporcle quizzes.
OR
Log In

You Might Also Like...

Show Comments

Extras

Top Quizzes Today


Score Distribution

Your Account Isn't Verified!

In order to create a playlist on Sporcle, you need to verify the email address you used during registration. Go to your Sporcle Settings to finish the process.

Report this User

Report this user for behavior that violates our Community Guidelines.

Details: